| 000 | 00944nac a22002531u 4500 | ||
|---|---|---|---|
| 010 | _a 98045743 | ||
| 020 | _a0824719417 (acid-free paper) | ||
| 082 | 0 | 0 |
_a620.1 _bMEL |
| 090 |
_c5769 _d5769 |
||
| 100 | _aMelnikov, Yu. A. | ||
| 245 | 1 | 0 |
_aInfluence functions and matrices / _cYuri A. Melnikov. |
| 260 |
_aNew York : _bM. Dekker,c1999. _cc1999. |
||
| 300 |
_ax, 469 p. : _bill. ; _c26 cm. |
||
| 490 | 1 | _aMechanical engineering ; 119 | |
| 500 | _aDistributer : Al-Ahram. | ||
| 504 | _aIncludes bibliographical references (p. 449-454) and index. | ||
| 511 | _aCatalouged By : Mahitab. | ||
| 650 | 0 |
_aMechanics, Applied _xMathematics. |
|
| 650 | 0 | _aBoundary valueproblems. | |
| 650 | 0 | _aGreen's functions. | |
| 830 | 0 | _aMechanical engineering (Marcel Dekker, Inc.) ; | |
| 856 | 4 | 2 |
_3Publisher description _uhttp://www.loc.gov/catdir/enhancements/fy0647/98045743-d.html |
| 942 |
_cBB _k620.1MEL |
||
| 999 |
_c5769 _d5769 |
||